Fr. Conceicao Rodrigues College of Engineering

Operating systems in depth (Record no. 22017)

MARC details
000 -LEADER
fixed length control field 00372nam a2200169Ia 4500
082 ## - DEWEY DECIMAL CLASSIFICATION NUMBER
Classification number 5.43
Item number DEO
100 ## - MAIN ENTRY--PERSONAL NAME
Personal name Deoppner/Thomas W
245 ## - TITLE STATEMENT
Title Operating systems in depth
260 ## - PUBLICATION, DISTRIBUTION, ETC.
Name of publisher, distributor, etc. Wiley India
Date of publication, distribution, etc. 2011
366 ## - TRADE AVAILABILITY INFORMATION
Publishers's discount category 27
300 ## - PHYSICAL DESCRIPTION
Extent 444
546 ## - LANGUAGE NOTE
Language note ENGLISH
-- Computers
650 ## - SUBJECT ADDED ENTRY--TOPICAL TERM
Topical term or geographic name entry element Opearting systems
654 ## - SUBJECT ADDED ENTRY--FACETED TOPICAL TERMS
Focus term operating systems
942 ## - ADDED ENTRY ELEMENTS (KOHA)
Koha item type BOOK
Holdings
Withdrawn status Lost status Damaged status Not for loan Collection Home library Current library Date acquired Source of acquisition Cost, normal purchase price Inventory number Total Checkouts Full call number Barcode Date last seen Cost, replacement price Price effective from Koha item type
        CRC Fr. Agnel's C.Rodrigues College of Engineering Fr. Agnel's C.Rodrigues College of Engineering 17/03/2023 Allied Publishers 378.87 455 dt 25.06.2014   5.43 DEO 23317 17/03/2023 519.00   BOOK
        CRC Fr. Agnel's C.Rodrigues College of Engineering Fr. Agnel's C.Rodrigues College of Engineering 17/03/2023 Allied Publishers 378.87 455 dt 25.06.2014   5.43 DEO 23318 17/03/2023 519.00   BOOK